书目信息 |
| 题名: |
生物化学与分子生物学
|
|
| 作者: | 德伟 , 张一鸣 主编 | |
| 分册: | ||
| 出版信息: | 南京 东南大学出版社 2007.02 |
|
| 页数: | 301页 | |
| 开本: | 26cm | |
| 丛书名: | 高等医学院校系列教材 | |
| 单 册: | ||
| 中图分类: | Q5 | |
| 科图分类: | ||
| 主题词: | 分子生物化学--fen zi sheng wu hua xue--医学院校--教材 , 生物化学--sheng wu hua xue--医学院校--教材 | |
| 电子资源: | ||
| ISBN: | 978-7-5641-0653-9 | |
| 000 | 01071nam 2200289 450 | |
| 001 | 012007848040 | |
| 005 | 20070926163613.98 | |
| 010 | @a978-7-5641-0653-9@dCNY36.00 | |
| 100 | @a20070720d2007 km y0chiy0120 ea | |
| 101 | 0 | @achi |
| 102 | @aCN@b320000 | |
| 105 | @aa a 000yy | |
| 200 | 1 | @a生物化学与分子生物学@Asheng wu hua xue yu fen zi sheng wu xue@f德伟, 张一鸣主编@Fde wei,zhang yi ming zhu bian |
| 210 | @a南京@c东南大学出版社@d2007.02 | |
| 215 | @a301页@c图@d26cm | |
| 225 | 2 | @a高等医学院校系列教材@Agao deng yi xue yuan xiao xi lie jiao cai |
| 320 | @a有书目 (第301页)。 | |
| 330 | @a本书的主要内容包括:第一章蛋白质的结构和功能、第二章核酸的结构与功能、第三章酶、第四章糖代谢等。 | |
| 333 | @a供临床医学、护理及其他医学相关专业使用 | |
| 410 | 0 | @12001 @a高等医学院校系列教材 |
| 606 | 0 | @a分子生物化学@Afen zi sheng wu hua xue@x医学院校@j教材 |
| 606 | 0 | @a生物化学@Asheng wu hua xue@x医学院校@j教材 |
| 690 | @aQ5@v4 | |
| 701 | 0 | @a德伟@Ade wei@4主编 |
| 701 | 0 | @a张一鸣@Azhang yi ming@4主编 |
| 801 | 0 | @aCN@c20070926 |
| 905 | @dQ5@eD233 | |
| 生物化学与分子生物学/德伟, 张一鸣主编.-南京:东南大学出版社,2007.02 |
| 301页:图;26cm.-(高等医学院校系列教材) |
| 使用对象:供临床医学、护理及其他医学相关专业使用 |
| ISBN 978-7-5641-0653-9:CNY36.00 |
| 本书的主要内容包括:第一章蛋白质的结构和功能、第二章核酸的结构与功能、第三章酶、第四章糖代谢等。 |
| ● |
| 相关链接 |
|
|
|
正题名:生物化学与分子生物学
索取号:Q5/D233
 
预约/预借
| 序号 | 登录号 | 条形码 | 馆藏地/架位号 | 状态 | 备注 |
| 1 | 245583 | 202455832 | 自科库401/401自科库 28排1列2层/ [索取号:Q5/D233] | 在馆 | |
| 2 | 245584 | 202455841 | 自科库401/401自科库 28排1列2层/ [索取号:Q5/D233] | 在馆 |